000 00480cam a22002054a 4500
005 20250605164320.0
008 250528s ||||||||||||||||||||||||d
035 _a22892
020 _a9780077093549
040 _aGR-AtMCL
_bgre
_dGR-AtMCL
_eAACR2
245 1 _aOBJECT DATABASES
250 _a1
260 _bMcgraw Hill,
_c1998
300 _a380
700 1 _aEaglestone Barry
_98179
700 1 _aRidley Mick
_98180
942 _cBK
999 _c7936
_d7936